000 00425nam a2200157Ia 4500
008 240729s9999 xx 000 0 und d
022 _a2359-7704
245 0 _aExpert Journal of Economics
260 _aRomania
260 _bSprint Investify
650 _a Economic theory. Demography
650 _aSocial Sciences
856 _uhttps://doaj.org/toc/e7f0c0686a4148168360c415c1b38acb
942 _2ddc
942 _cDOAJEJ
999 _c65685
_d65685
945 _a1
_bMadushi Gamage
_c1
_dMadushi Gamage